Регионална библиотека "Любен Каравелов" - Русе

Дневник на Стоянка Йорданова Дряновска (Запис номер 428862)

MARC детайли
000 -Лидер
Контролно поле с фиксирана дължина nam a22 a 4500
003 - Код на организацията, давaща контролен номер
Контролно поле BLK
005 - Дата и час на последна редакция
Контролно поле 20230127135450.0
008 - Елементи от данни с фиксирана дължина
fixed length control field 180408b bul|||||r ||||||| ||bul||
040 ## - Източник на каталожния запис
Идентификатор на билиотеката - собственик на записа BLK
041 ## - Код за език
Код за езика на текст/звукозапис или на отделно заглавие Български
Код за езика КДБФ Български
080 ## - УДК
Текстов определител УДК Българска литература
УДК код - определител по УДК 821.163.2
УДК определител -94
УДК - код + определител 821.163.2-94
100 ## - Редна дума - Автор
R(LIN) 1299
Автор Дряновска, Стоянка Йорданова
Авторска отговорност първи автор
139 ## - Редно поле
Редна дума Дряновска, Стоянка Йорданова
245 10 - Сведения за заглавието
Заглавие Дневник на Стоянка Йорданова Дряновска
257 ## - Страна на издаване
Страна на създаване/издаване България
260 ## - Област на издателските данни
Място на издаване, разпространение и проч. София
Година на издаване 1914
Печатница (София : Просвещение)
300 ## - Физическа характеристика
Страници 136 с., 6 л. : портр., 2 л. : ил.
Размери/Мащаб 23 см
380 ## - Жанр
Жанр Худож. лит.
852 ## - Местоположение
Форматна сигнатура Цб 8.230.11287
Фондова буква Хранилище
999 ## - СИСТЕМНИ КОНТРОЛНИ НОМЕРА
Koha biblionumber 428862
Koha biblioitemnumber 428862
942 ## - АРТИКУЛИ
Вид на библиотечния материал Книги
Скрит в OPAC Не
Периодичен библиозапис Да
Koha issues (borrowed), all copies 1
944 ## - СЪЗДАВАНЕ И РЕДАКЦИЯ на ЗАПИСА
Създаване/Редакция Създаване
Дата на регистрацията/редакция 2021-08-18
Служител, извършил регистрацията/редакцията Ренета Константинова
Наличности
Код за отписване Код за изгубен артикул Източник на класификационната схема Код за повреда Коз за рестрикции Код за отдаване Артикулен № Име на библиотеката - собственик Име на библиотеката, в която се намира в момента Статус (Текущо местоположение) Дата на вписване в системата Местоположение - отдел Цена в лева Инвентарен номер Систематично азбучна сигнатура Баркод Цена в евро Служебен тип на артикула
  Не е изгубен Universal Decimal Classification Не е повреден само за читалня ползва се в читалня 849379 Регионална библиотека "Любен Каравелов" Русе Регионална библиотека "Любен Каравелов" Русе Хранилище 2021-08-19 Основен фонд - ползва се само за читалня 0.11 11287 Цб 8.230.11287 900000074980 0.06 Книги
Vip Innovations Ltd, Rousse, Bulgaria 2025